Комплексная переработка медного и никелевого сырья: учебник

التفاصيل البيبلوغرافية
المؤلف الرئيسي: Ванюков А. В. Андрей Владимирович
مؤلفون آخرون: Уткин Н. И. Николай Иванович
اللغة:الروسية
منشور في: Челябинск, Металлургия, 1988
الموضوعات:
التنسيق: MixedMaterials كتاب
KOHA link:https://koha.lib.tpu.ru/cgi-bin/koha/opac-detail.pl?biblionumber=263622

MARC

LEADER 00000nam0a2200000 4500
001 263622
005 20231101233745.0
010 |a 5229000627 
035 |a (RuTPU)RU\TPU\book\286610 
090 |a 263622 
100 |a 20140610d1988 m y0rusy50 ca 
101 0 |a rus 
102 |a RU 
105 |a a j 001zy 
200 1 |a Комплексная переработка медного и никелевого сырья  |e учебник  |f А. В. Ванюков, Н. И. Уткин 
210 |a Челябинск  |c Металлургия  |d 1988 
215 |a 432 с.  |c ил. 
320 |a Библиогр.: с. 430. 
320 |a Предметный указатель: с. 431-432. 
606 1 |a Медь  |x Металлургия  |2 stltpush  |3 (RuTPU)RU\TPU\subj\41877 
606 1 |a Никель  |x Металлургия  |2 stltpush  |3 (RuTPU)RU\TPU\subj\72672  |9 86081 
610 1 |a переработка 
610 1 |a металлургическое производство 
610 1 |a рудное сырье 
610 1 |a шихта 
610 1 |a плавка 
610 1 |a окружающая среда 
610 1 |a охрана 
610 1 |a учебники 
675 |a 669.3  |v 3 
675 |a 669.24  |v 3 
700 1 |a Ванюков  |b А. В.  |g Андрей Владимирович 
701 1 |a Уткин  |b Н. И.  |g Николай Иванович 
801 1 |a RU  |b 63413507  |c 20140610 
801 2 |a RU  |b 63413507  |c 20200826  |g RCR 
942 |c BK